La maestra de títeres / (Registro nro. 6409)

Detalles MARC
000 -LEADER
fixed length control field 02175nam a22002177a 4500
003 - CONTROL NUMBER IDENTIFIER
control field OSt
005 - DATE AND TIME OF LATEST TRANSACTION
control field 20250421160741.0
008 - FIXED-LENGTH DATA ELEMENTS--GENERAL INFORMATION
fixed length control field 200129b2018 ck |||| |||| 00| f spa d
040 ## - CATALOGING SOURCE
Original cataloging agency CO-JMCR
Transcribing agency CO-JMCR
041 0# - LANGUAGE CODE
Language code of text/sound track or separate title spa
082 ## - DEWEY DECIMAL CLASSIFICATION NUMBER
Classification number A-N
Item number POSm
100 1# - MAIN ENTRY--PERSONAL NAME
Personal name Posada, Carmen,
Relator term autora
9 (RLIN) 69
245 13 - TITLE STATEMENT
Title La maestra de títeres /
Statement of responsibility, etc. Carmen Posada
260 ## - PUBLICATION, DISTRIBUTION, ETC.
Place of publication, distribution, etc. Bogotá :
Name of publisher, distributor, etc. Espasa,
Date of publication, distribution, etc. 2018
300 ## - PHYSICAL DESCRIPTION
Extent 478 páginas ;
Dimensions 23 cm.
500 ## - GENERAL NOTE
General note Incluye datos bibliográficos del la autora en solapa frontal
505 0# - FORMATTED CONTENTS NOTE
Formatted contents note Anoche maté a mamá, no sentí nada [Gadea) -- La prehistoria [Ina] -- Una nueva vida [Ina] -- Conociendo la ciudad [Ina] -- Una lluviosa mañana de noviembre [Beatriz] -- Desencanto [Beatriz] Cuatro hermanas [Beatriz] -- Mariquita pérez [Ina] -- Hay que alternar [Ina] -- Asesor [Ina] --El <<Tontódromo>> [Ina] -- Los tiempos están cambiando [Beatriz] -- Nicoló, Nicoló [Beatriz] -- El día de su desgracia [Beatriz] -- Mummy Knows best [ Beatriz] -- Manila [Ina] -- Marisol Sanz [Beatriz] -- Canciones para antes de que todo cambie [Beatriz] -- La caída [Beatriz] -- 20 N [Beatriz] La vida no) sigue igual [Beatriz] --Oposiciones [Ina] -- Carne-Vale [Ina] -- Dos intocables (y otros dos más que no lo son tanto) [[Ina] -- 52´05 grados [Beatriz] -- Recuerdos para preparar un adiós [Ina] -- Una vara de nardos [Ina] -- My Way [Beatriz] -- Bubulina [Beatriz] -- Habitación 513 [Beatriz] -- La cara B [Ina] -- Navidad, dulce navidad [Beatriz] -- Chocolate [Beatriz] -- Cosas de mujeres [Beatriz] -- La eterna noche madrileña [Beatriz] -- Delirio [Beatriz] -- Forajidos [Ina] -- Bobo y pequeño [Ina] -- Lavar y marcar [Ina] -- Embassy otra vez [Beatriz] -- El vuelo [Beatriz] -- Los choris [Beatriz] -- Sospecha [Gadea] -- De nuevo juntos [Ina] -- Volver [Beatriz - Ina] Sobre una tumba [Beatriz - Ina] -- Gabrial y Estela [Ina] -- Que es un soplo la vida [Ina] -- Más mientras y algunas inesperadas verdades [Gadea] -- La ultima jugada [Beatriz] -- La primavera es tan traidora [Gadea] -- El precio de los maridos-trofeo -- Pesadilla -- Estelia y Beatriz
650 #4 - SUBJECT ADDED ENTRY--TOPICAL TERM
Topical term or geographic name entry element Novela uruguaya
9 (RLIN) 70
650 ## - SUBJECT ADDED ENTRY--TOPICAL TERM
Topical term or geographic name entry element Mujeres
General subdivision novela
9 (RLIN) 71
942 ## - ADDED ENTRY ELEMENTS (KOHA)
Source of classification or shelving scheme Dewey Decimal Classification
Koha item type Books
Existencias
Withdrawn status Lost status Source of classification or shelving scheme Damaged status Not for loan Home library Current library Date acquired Source of acquisition Cost, normal purchase price Total Checkouts Total Renewals Full call number Barcode Date last seen Date last checked out Copy number Price effective from Koha item type
    Dewey Decimal Classification     Biblioteca Pública José María del Castillo y Rada Biblioteca Pública José María del Castillo y Rada 12/19/2019 Donación 0.00 2 1 A-N POSm 201811794 10/05/2023 09/19/2023 Ej.1 01/29/2020 Books